书目信息 |
| 题名: |
农资产品法律法规
|
|
| 作者: | 李勇 主编 | |
| 分册: | ||
| 出版信息: | 汕头 汕头大学出版社 2017.10 |
|
| 页数: | 288页 | |
| 开本: | 22cm | |
| 丛书名: | 农业资料法律法规学习读本 | |
| 单 册: | ||
| 中图分类: | D922.44 | |
| 科图分类: | ||
| 主题词: | 农业生产资料--产品管理--农业法--中国--学习参考资料 | |
| 电子资源: | ||
| ISBN: | 978-7-5658-3198-0 | |
| 000 | 01162oam2 2200253 45 | |
| 001 | 012001003019 | |
| 005 | 20140926114740.0 | |
| 010 | @a978-7-5658-3198-0@dCNY29.80 | |
| 100 | @a20171027d2017 em y0chiy0110 ea | |
| 101 | 0 | @achi |
| 102 | @aCN@b440000 | |
| 105 | @ay z 000yy | |
| 106 | @ar | |
| 200 | 1 | @a农资产品法律法规@9nong zi chan pin fa lv fa gui@f李勇主编 |
| 210 | @a汕头@c汕头大学出版社@d2017.10 | |
| 215 | @a288页@d22cm | |
| 225 | 2 | @a农业资料法律法规学习读本 |
| 330 | @a本作品包括了广大人民群众应知应懂、实际实用的有关农资产品的法律法规,同时附录还列举了相应的释义解析、解读解答、案例分析、实施细则、政策制度、应用表格等内容,用以配套辅导学习。本套作品共计2册,本册包括《农产品质量安全法》《农产品流通有关规定办法》《中国名牌农产品管理办法》《棉花质量监督管理条例》《农产品地理标志管理办法》《地理标志产品保护规定》《农产品包装和标识管理办法》《农产品质量安全检测机构考核办法》等法律法规内容。 | |
| 461 | 0 | @12001 @a农业资料法律法规学习读本 |
| 606 | 0 | @a农业生产资料@x产品管理@x农业法@y中国@j学习参考资料 |
| 690 | @aD922.44@v5 | |
| 701 | 0 | @a李勇@9li yong@4主编 |
| 801 | 0 | @aCN@b上海新华@c20180901 |
| 905 | @b1161955-9@dD922.44@e1964@f5 | |
| 农资产品法律法规/李勇主编.-汕头:汕头大学出版社,2017.10 |
| 288页;22cm.-(农业资料法律法规学习读本) |
| ISBN 978-7-5658-3198-0:CNY29.80 |
| 本作品包括了广大人民群众应知应懂、实际实用的有关农资产品的法律法规,同时附录还列举了相应的释义解析、解读解答、案例分析、实施细则、政策制度、应用表格等内容,用以配套辅导学习。本套作品共计2册,本册包括《农产品质量安全法》《农产品流通有关规定办法》《中国名牌农产品管理办法》《棉花质量监督管理条例》《农产品地理标志管理办法》《地理标志产品保护规定》《农产品包装和标识管理办法》《农产品质量安全检测机构考核办法》等法律法规内容。 |
| ● |
| 相关链接 |
|
|
|
|
正题名:农资产品法律法规
索取号:D922.44/1964
 
预约/预借
| 序号 | 登录号 | 条形码 | 馆藏地/架位号 | 状态 | 备注 |
| 1 | 1161955 | 211619550 | 第一样本阅览室/ [索取号:D922.44/1964] | 在馆 | |
| 2 | 1161956 | 211619569 | 第一借阅区/ [索取号:D922.44/1964] | 在馆 | |
| 3 | 1161957 | 211619578 | 第一借阅区/ [索取号:D922.44/1964] | 在馆 | |
| 4 | 1161958 | 211619587 | 第一借阅区/ [索取号:D922.44/1964] | 在馆 | |
| 5 | 1161959 | 211619596 | 密集书库-史法系/ [索取号:D922.44/1964] | 在馆 |